000 01264cam a2200457 c 4500
001 279954751
003 DE-627
005 20260206132604.0
007 tu
008 000814s1988 xx ||||| 00| ||ger c
015 _a88,A33,1040
_2dnb
016 7 _a880896884
_2DE-101
020 _a3327005664
035 _a(DE-627)279954751
035 _a(DE-576)086559192
035 _a(DE-599)GBV279954751
035 _a(OCoLC)247727216
035 _a(OCoLC)721875158
035 _a(OCoLC)247727216
040 _aDE-627
_bger
_cDE-627
_erakwb
041 _ager
044 _cXA-DDDE
084 _a59
_2sdnb
084 _aGN 9999
_2rvk
084 _a17.97
_2bkl
084 _a18.10
_2bkl
100 1 _81\p
_aNauschütz, Hans Joachim
_d1940-1993
_4aut
245 1 4 _aDie Hinterlassenschaft
_bRoman
_cHans Joachim Nauschütz
250 _a1. Aufl.
263 _aGewebe : M 7.80
300 _a271 S.
_bIll.
_c19 cm
583 1 _aArchivierung prüfen
_c20200919
_fDE-640
_z1
_2pdager
583 1 _aArchivierung prüfen
_c20240324
_fDE-4165
_z1
_2pdager
700 1 _aFischer, Karl
_d1921-2019
_eIll.
_4ill
700 1 _aNauschütz, Hans Joachim
_d1940-1993
_4oth
936 r v _aGN 9999
936 b k _a17.97
936 b k _a18.10
942 _2z
_cB
951 _aBO
999 _c374260
_d374260